00729nam a2200241 a 450000100060000000300080000600500170001400800410003103500190007203500180009104000270010904100080013608200180014410000520016224500700021426000630028430000200034749000280036750000310039583000080042670000300043483000230046422238BD-RJUL20211209000801.0140306s19511948enk 000 1 eng u a(BD-RJUL)22303 a(OCoLC)670823 aOUNdUMCbengcBD-RjUL aeng a823bSOR 19511 aSomerville, E. Œ.q(Edith Œnone),d1858-1949.14aThe real Charlotte /cby E. Œ. Somerville & Martin Ross [pseud.] aLondon :bOxford University Press,c[C1948] Reprinting1951 a518 p. ;c16 cm1 aWorld's classics ;v512 a"First published in 1894." 0v5121 aRoss, Martin,d1862-1915. 0aWorld's classics ;